000 00636cam a2200217 4500
001 J117528
008 000000n2001 000 0 eng u
035 _a(Sirsi) u117528
041 _aENG
050 _a333.33
110 _aFocus Property Intelligence
_93774
245 _aFocus auction guide analysis 2001 (2 parts)
260 _aLondon
_bFocus Property Intelligence Plc.
_c2001
300 _a2pt.
_c30cm.
650 _aAuctioneering
_96218
650 _aREPOSSESSED PROPERTY
650 _aAuctioneering
_96218
650 _aHOUSE PRICES
690 _aPROPERTY-RESIDENTIAL PROPERTY-RESIDENTIAL PROPERTY MARKET
942 _n0
999 _c102018
_d102018